Music Quiz

Random Music Quiz
Score 0/42 Timer 13:00
0 Plays Today
% Correct
Oops!...I Did It Again
83.7%
...Baby One More Time
81.6%
I'm a Slave 4 U
81.6%
Toxic
80.2%
Me Against the Music
79.2%
Everytime
78.4%
Womanizer
77.4%
I'm Not a Girl, Not Yet a Woman
77%
(You Drive Me) Crazy
76.7%
Sometimes
76%
I Love Rock 'n' Roll
74.6%
Gimme More
74.6%
Scream & Shout
74.6%
Lucky
74.2%
Circus
73.5%
Break the Ice
73.1%
I Wanna Go
73.1%
Ooh La La
72.1%
Kill the Lights
71%
Pretty Girls
71%
Don't Let Me Be the Last to Know
70.7%
% Correct
3
70.7%
Boys
70.3%
Piece of Me
70.3%
Someday (I Will Understand)
70%
Radar
68.9%
Make Me...
67.8%
Stronger
67.5%
Overprotected
67.5%
Perfume
67.5%
Till the World Ends
66.4%
If U Seek Amy
65.7%
From the Bottom of My Broken Heart
65%
Outrageous
65%
Slumber Party
64.7%
Hold it Against Me
64.3%
Criminal
64.3%
Born to Make You Happy
63.3%
Work B***h
63.3%
My Prerogative
62.5%
Anticipating
61.1%
Do Somethin'
60.1%
Remove Ads.
Support Sporcle.
Get the best of Sporcle when you Go Orange. This ad-free experience offers more features, more stats, and more fun while also helping to support Sporcle. Thank you for becoming a member.

You're not logged in!

Compare scores with friends on all Sporcle quizzes.
OR
Log In

Show Comments

Extras

Top Quizzes Today


Score Distribution

Your Account Isn't Verified!

In order to create a playlist on Sporcle, you need to verify the email address you used during registration. Go to your Sporcle Settings to finish the process.

Report this User

Report this user for behavior that violates our Community Guidelines.

Details: